01309 a2200157 45000010006000000050017000060080041000230030015000640400040000790800053001192450084001722640054002563000019003105050779003291000043011085777220260407155837.0260407a1983 arg spa dAR-UNSa-BCEJYS aAR-UNSa-BCEJYSbspacAR-UNSa-BCEJYS a339.5xComercio exterior. Comercio Internacional10aRepública de CoreapUn mercado para productos de otros países de desarrollo 1aGinebra :bCentro de Comercio Internacionalc1983 a146 p.c23 cm. aPrimera parte: 1. La república de Corea como mercado de importación en general y como mercado para otros países en desarrollo en particular – 2. El comercio con la república de Corea – Parte 2: 1. Productos alimenticios y materias primas agrícolas – 2. Semillas y nueces oleaginosas – 3. Aceites y grasas – 4. Pieles y cueros (cueros de bovinos y pieles de ovinos y de caprinos curtidas) – 5. Productos de la madera: madera aserrada, chapas, madera torcida (contrachapados), trabajos de carpintería – 6. Textiles: tejidos de fibras sintéticas y artificiales – 7. Productos de metal y mineral de hierro – 8. Maquinaria y utensilios eléctricos – 9. Barcos y botes – 10. Productos diversos – 11. Evolución de las importaciones en 1982 1 aCentro de Comercio Internacional (CCI)